Pozitivní leader : jak energie a štěstí pohánějí špičkové týmy na cestě k úspěchu /
Bývalý prezident evropského Microsoftu, Jan Mühlfeit, shrnul své mnohaleté zkušenosti s vedením lidí, a nyní coby pozitivní leader radí, jak se ve čtyřech krocích stát šťastnější a inspirativnější osobností.
Uloženo v:
| Hlavní autor: | |
|---|---|
| Další autoři: | , |
| Médium: | E-audiokniha |
| Jazyk: | Czech |
| Vydáno: |
[Brno] :
Management Press,
[2018]
|
| Témata: | |
| Tagy: |
Žádné tagy |
| LEADER | 03951nim a2200793 i 4500 | ||
|---|---|---|---|
| 001 | 313050 | ||
| 003 | CZ PrSKC | ||
| 005 | 20260601215734.0 | ||
| 007 | sd fungnnmmned | ||
| 008 | 190617t20182018xr nnnng i n cze | ||
| 015 | |a cnb003102940 | ||
| 024 | 3 | |a 8594050424357 | |
| 040 | |a ABA001 |b cze |e rda | ||
| 072 | 7 | |a 005 |x Management. Řízení |2 Konspekt | |
| 080 | |a 005.742-057.17 |2 MRF | ||
| 080 | |a 316.46/.47 |2 MRF | ||
| 080 | |a 159.923.5 |2 MRF | ||
| 080 | |a 005.32 |2 MRF | ||
| 080 | |a 005.336.5 |2 MRF | ||
| 080 | |a (035) |2 MRF | ||
| 080 | |a (086.7)08 |2 MRF | ||
| 080 | |a (086.76) |2 MRF | ||
| 100 | 1 | |a Mühlfeit, Jan, |d 1962- |7 jo2004259878 |4 aut | |
| 245 | 1 | 0 | |a Pozitivní leader : |b jak energie a štěstí pohánějí špičkové týmy na cestě k úspěchu / |c Jan Mühlfeit a Melina Costi |
| 264 | 1 | |a [Brno] : |b Management Press, |c [2018] | |
| 264 | 4 | |c ©2018 | |
| 300 | |a 1 audiodisk (12 hod.) ; |c 12 cm | ||
| 306 | |a 120000 | ||
| 336 | |a mluvené slovo |b spw |2 rdacontent | ||
| 337 | |a audio |b s |2 rdamedia | ||
| 338 | |a audiodisk |b sd |2 rdacarrier | ||
| 344 | |a digital |b optical |2 rda | ||
| 347 | |a audio soubor |b MP3 |2 rda | ||
| 500 | |a Název z disku | ||
| 500 | |a Copyright Albatros Media | ||
| 500 | |a Nezkrácená audiokniha na 1 CD ve formátu MP3 | ||
| 511 | 0 | |a Čte Aleš Zbořil | |
| 520 | 2 | |a Bývalý prezident evropského Microsoftu, Jan Mühlfeit, shrnul své mnohaleté zkušenosti s vedením lidí, a nyní coby pozitivní leader radí, jak se ve čtyřech krocích stát šťastnější a inspirativnější osobností. |b Jan Mühlfeit shrnul své mnohaleté zkušenosti ve vedení lidí a pomůže i vám najít způsob, jak inspirovat vlastní tým, dosáhnout vytyčených výsledků, a přitom si zachovat rovnováhu mezi úspěchem a štěstím. Zjistíte, jak se zbavit stresu a negativismu a jak odemknout potenciál u sebe i u lidí, kteří vás obklopují. Nakladatelská anotace. | |
| 650 | 0 | 7 | |a vedoucí pracovníci |7 ph127002 |2 czenas |
| 650 | 0 | 7 | |a vůdčí osobnost |7 ph127354 |2 czenas |
| 650 | 0 | 7 | |a řídící práce |7 ph128306 |2 czenas |
| 650 | 0 | 7 | |a pozitivní myšlení |7 ph124475 |2 czenas |
| 650 | 0 | 7 | |a psychologie řízení |7 ph136831 |2 czenas |
| 650 | 0 | 7 | |a manažerské dovednosti |7 ph472867 |2 czenas |
| 655 | 7 | |a příručky |7 fd133209 |2 czenas | |
| 655 | 7 | |a audioknihy |7 fd119452 |2 czenas | |
| 655 | 7 | |a kompaktní disky |7 fd201991 |2 czenas | |
| 700 | 1 | |a Costi, Melina |7 ola2015884261 |4 aut | |
| 700 | 1 | |a Zbořil, Aleš, |d 1968- |7 xx0165721 |4 nrt | |
| 900 | |a ABA001 |b 18 | ||
| 044 | |a xr | ||
| 505 | 0 | 0 | |t Představení knihy (0 min., 35 sek.) |
| 505 | 0 | 0 | |t Úvod (32 min., 1 sek.) |
| 505 | 0 | 0 | |t Kapitola 1 - Kdo jsem? (33 min., 34 sek.) |
| 505 | 0 | 0 | |t Kapitola 2 - Audit silných stránek (1 hod., 15 min., 42 sek.) |
| 505 | 0 | 0 | |t Kapitola 3 - Vytváření supertalentovaných týmů (1 hod., 4 min., 23 sek.) |
| 505 | 0 | 0 | |t Kapitola 4 - Co je to naše PROČ? (1 hod., 2 min., 51 sek.) |
| 505 | 0 | 0 | |t Kapitola 5 - Vytváření vizí (1 hod., 5 min., 37 sek.) |
| 505 | 0 | 0 | |t Kapitola 6 - Z širší perspektivy (30 min., 25 sek.) |
| 505 | 0 | 0 | |t Kapitola 7 - Otrok úspěchu (47 min., 28 sek.) |
| 505 | 0 | 0 | |t Kapitola 8 - Jak se stát generálním ředitelem své energie (1 hod., 14 min., 46 sek.) |
| 505 | 0 | 0 | |t Kapitola 9 - Čtyřbodová strategie řízení energie (1 hod., 18 min., 31 sek.) |
| 505 | 0 | 0 | |t Kapitola 10 - Cesta štěstí (34 min., 13 sek.) |
| 505 | 0 | 0 | |t Kapitola 11 - Každodenní štěstí (49 min., 43 sek.) |
| 505 | 0 | 0 | |t Kapitola 12 - Váš odkaz coby leadera (1 hod., 2 min., 11 sek.) |
| 505 | 0 | 0 | |t Závěr (6 min., 5 sek.) |
| 910 | |a RBIT002 | ||
| 998 | |d 206722 |a https://core.palmknihy.cz/api/books/206722/cover?sia8s1 |b https://core.palmknihy.cz/api/books/206722/cover/400?sia8s1 |c https://core.palmknihy.cz/api/books/206722/cover/50?sia8s1 |e 2029-02-22 |i 8594050424357 |l 43080 |q 49 |r 1 |s https://www.palmknihy.cz/kniha/206722 |t audiobook |y 2018 |z 0 | ||
| 999 | |d 313048 | ||